Polynuclear aromatic hydrocarbons / (Record no. 69913)
[ view plain ]
| 000 -LEADER | |
|---|---|
| fixed length control field | 01536nam a2200337 a 4500 |
| 001 - CONTROL NUMBER | |
| control field | 69913 |
| 003 - CONTROL NUMBER IDENTIFIER | |
| rucl marc code | BD-RjUL |
| 005 - DATE AND TIME OF LATEST TRANSACTION | |
| control field | 20211209081937.0 |
| 008 - FIXED-LENGTH DATA ELEMENTS--GENERAL INFORMATION | |
| fixed length control field | 170415r19801979nyuac 101 0 eng d |
| 020 ## - INTERNATIONAL STANDARD BOOK NUMBER | |
| International Standard Book Number | 025040317X |
| International Standard Book Number | 0250403234 |
| 035 ## - SYSTEM CONTROL NUMBER | |
| System control number | (BD-RjUL)70125 |
| 040 ## - CATALOGING SOURCE | |
| Original cataloging agency | NLM |
| Transcribing agency | NLM |
| Modifying agency | BKM |
| -- | DLC |
| -- | EQO |
| -- | BD-RjUL |
| Language of cataloging | eng |
| 041 ## - LANGUAGE CODE | |
| Language code of text/sound track or separate title | eng |
| 082 0# - DEWEY DECIMAL CLASSIFICATION NUMBER | |
| Edition number | 23 |
| Classification number | 547.01 |
| Author mark and year | INP 1980 |
| 111 2# - MAIN ENTRY--MEETING NAME | |
| Meeting name or jurisdiction name as entry element | International Symposium on Chemistry and Biology--Carcinogenesis and Mutagenesis |
| Number of part/section/meeting | (3rd : |
| Date of meeting | 1978 : |
| Location of meeting | Battelle Columbus Laboratories) |
| 9 (RLIN) | 207069 |
| 245 10 - TITLE STATEMENT | |
| Title | Polynuclear aromatic hydrocarbons / |
| Statement of responsibility, etc. | Third International Symposium on Chemistry and Biology--Carcinogenesis and Mutagenesis ; sponsored by Battelle- Columbus Laboratories ... [et al.] ; edited by Peter W. Jones and Philip Leber. |
| 260 ## - PUBLICATION, DISTRIBUTION, ETC. (IMPRINT) | |
| Place of publication, distribution, etc. | Ann Arbor, Mich. : |
| Name of publisher, distributor, etc. | Ann Arbor Science, |
| Date of publication, distribution, etc. | c1979 [printing 1980]. |
| 300 ## - PHYSICAL DESCRIPTION | |
| Pagination | xxvi, 892 p. : |
| Illustrations | ill. ; |
| Size | 22 cm. |
| 504 ## - BIBLIOGRAPHY, ETC. NOTE | |
| Bibliography, etc | Includes bibliographies and indexes. |
| 650 #2 - SUBJECT ADDED ENTRY--TOPICAL TERM | |
| Topical term or geographic name as entry element | Carcinogens, Environmental |
| General subdivision | congresses |
| 9 (RLIN) | 207060 |
| Topical term or geographic name as entry element | Polycyclic Hydrocarbons |
| General subdivision | analysis |
| -- | congresses |
| 9 (RLIN) | 207061 |
| Topical term or geographic name as entry element | Polycyclic Hydrocarbons |
| General subdivision | metabolism |
| -- | congresses |
| 9 (RLIN) | 207062 |
| Topical term or geographic name as entry element | Carcinogenesis |
| Form subdivision | Congresses. |
| 9 (RLIN) | 207063 |
| Topical term or geographic name as entry element | Hydrocarbons |
| General subdivision | Physiological effect |
| -- | Congresses. |
| 9 (RLIN) | 207064 |
| Topical term or geographic name as entry element | Aromatic compounds |
| General subdivision | Physiological effect |
| -- | Congresses. |
| 9 (RLIN) | 207065 |
| 700 1# - ADDED ENTRY--PERSONAL NAME | |
| Personal name | Jones, Peter W. |
| Personal name | Leber, Philip. |
| 710 2# - ADDED ENTRY--CORPORATE NAME | |
| Corporate name or jurisdiction name as entry element | Battelle Memorial Institute. |
| Subordinate unit | Columbus Laboratories. |
| 9 (RLIN) | 207068 |
| 942 ## - ADDED ENTRY ELEMENTS (KOHA) | |
| Source of classification or shelving scheme | Dewey Decimal Classification |
| Koha item type | Books |
| Lost status | Source of classification or shelving scheme | Damaged status | Not for loan | Collection code | Permanent Location | Current Location | Shelving location | Date acquired | Total Checkouts | Full call number | Date last seen | Copy number | Koha item type |
|---|---|---|---|---|---|---|---|---|---|---|---|---|---|
| Dewey Decimal Classification | Not For Loan | Non-fiction | Central Library, University of Rajshahi | Central Library, University of Rajshahi | Reading Room | 23/06/1994 | 547.01 INP 1980 | 15/04/2017 | C-1 | Books |